Normal view MARC view

Entry Personal Name

Number of records used in: 2

001 - CONTROL NUMBER

  • control field: 924

003 - CONTROL NUMBER IDENTIFIER

  • control field: PK-NaQUE

005 - DATE AND TIME OF LATEST TRANSACTION

  • control field: 20260618125822.0

008 - FIXED-LENGTH DATA ELEMENTS

  • fixed length control field: 260618|| aca||aabn | a|a d

040 ## - CATALOGING SOURCE

  • Original cataloging agency: PK-NaQUE
  • Transcribing agency: PK-NaQUE

100 ## - HEADING--PERSONAL NAME

  • Personal name: DiPippo, Ronald

670 ## - SOURCE DATA FOUND

  • Source citation: Work cat.: (PK-NaQUE)4434: DiPippo, Ronald., Geothermal Power Plants: Principles, Applications, Case Studies and Environmental Impact , 2012.